MARC

LEADER 00000nam0a2200000 4500
001 367869
005 20231102012027.0
035 |a (RuTPU)RU\TPU\retro\25232 
090 |a 367869 
100 |a 20220324d1979 km y0rusy50 ca 
101 0 |a rus 
102 |a RU 
105 |a a z 001zy 
200 1 |a Отделочно-зачистная обработка деталей  |f Ю. М. Кулаков, В. А. Хрульков 
210 |a Москва  |c Машиностроение  |d 1979 
215 |a 216 с.  |c ил. 
320 |a Библиогр.: с. 213-214 
606 1 |a Металлообработка чистовая  |x Технико-экономические показатели  |2 stltpush  |3 (RuTPU)RU\TPU\subj\42535  |9 62199 
610 1 |a отделочные работы 
610 1 |a зачистка 
610 1 |a принципы 
610 1 |a механическая обработка 
610 1 |a химико-механическая обработка 
610 1 |a технологическая характеристика 
610 1 |a высокопроизводительные методы 
610 1 |a качество 
610 1 |a управление 
686 |a 621.923.4  |v LBC/SL-A  |2 rubbk 
700 1 |a Кулаков  |b Ю. М.  |g Юрий Михайлович 
701 1 |a Хрульков  |b В. А.  |g Владимир Андреевич 
801 1 |a RU  |b 63413507  |c 20220324 
942 |c BK